000 012320000a22003250004500
003 EG-GICUC
005 20250223032941.0
008 070408s2003 ua d f m 000 0 eng d
040 _aEG-GICUC
_beng
_cEG-GICUC
041 0 _aEng
049 _aDeposite
097 _aM.Sc
099 _aCai01.13.04.M.Sc.2003.Ha.P
100 0 _aHanan Elsayed Moussa Elsayed
245 1 0 _aPreformance characteristics of heat exchangers considering fouling effect /
_cHanan Elsayed Moussa Elsayed ; Supervised Kamal Ahmed Abed , Mai M.K.Fouad
246 1 5 _aخصائص اداء المبادلات الحرارية مع الاخذ فى الاعتبار تأثير الترسبات
260 _aCairo :
_bHanan Elsayed Moussa Elsayed ,
_c2003
300 _a120P :
_bcharts ;
_c30cm
502 _aThesis (M.Sc.) - Cairo University - Faculty Of Engineering - Department Of Chemical Engineering
530 _aIssued also as CD
653 4 _aConsidering
653 4 _aFouling
653 4 _aHeat exchangers
700 0 _aKamal Ahmed Abed ,
_eSupervisor
700 0 _aMai Mohamed Kamal Fouad ,
_eSupervisor
856 _uhttp://172.23.153.220/th.pdf
905 _aMustafa
_eRevisor
905 _aSamia
_eCataloger
942 _2ddc
_cTH
999 _c84923
_d84923